Random Fast Typing - 6 Letter Words - Statistics

General Stats
  • This quiz has been taken 23,306 times
  • The average score is 13 of 20
Answer Stats
Word Answer % Correct
prince prince
85%
create create
84%
showed showed
82%
appear appear
81%
leaves leaves
81%
whites whites
81%
desert desert
80%
friday friday
80%
shared shared
80%
attack attack
79%
butter butter
79%
copper copper
79%
differ differ
79%
losing losing
79%
openly openly
79%
smooth smooth
79%
sticks sticks
79%
titles titles
79%
decent decent
78%
lively lively
78%
normal normal
78%
others others
78%
record record
78%
result result
78%
rolled rolled
78%
boston boston
77%
centre centre
77%
chairs chairs
77%
chiefs chiefs
77%
copies copies
77%
crisis crisis
77%
danger danger
77%
dismay dismay
77%
driver driver
77%
eighty eighty
77%
harold harold
77%
intend intend
77%
member member
77%
middle middle
77%
nature nature
77%
reward reward
77%
square square
77%
strike strike
77%
absent absent
76%
anyone anyone
76%
brings brings
76%
cursed cursed
76%
hiding hiding
76%
indian indian
76%
listen listen
76%
medium medium
76%
moment moment
76%
offers offers
76%
organs organs
76%
pupils pupils
76%
ruined ruined
76%
secure secure
76%
shield shield
76%
street street
76%
suffer suffer
76%
tribes tribes
76%
vulgar vulgar
76%
wonder wonder
76%
albert albert
75%
begged begged
75%
bright bright
75%
cannot cannot
75%
chapel chapel
75%
defend defend
75%
donate donate
75%
format format
75%
hearth hearth
75%
island island
75%
joyous joyous
75%
judges judges
75%
legend legend
75%
lights lights
75%
nights nights
75%
occupy occupy
75%
oliver oliver
75%
packed packed
75%
rested rested
75%
sacred sacred
75%
secret secret
75%
seeing seeing
75%
seemed seemed
75%
select select
75%
string string
75%
volume volume
75%
wisely wisely
75%
arrest arrest
74%
assent assent
74%
battle battle
74%
bitter bitter
74%
boiled boiled
74%
bushes bushes
74%
chosen chosen
74%
deemed deemed
74%
derive derive
74%
divide divide
74%
finest finest
74%
finger finger
74%
french french
74%
insult insult
74%
joined joined
74%
killed killed
74%
lasted lasted
74%
nation nation
74%
orders orders
74%
placed placed
74%
rights rights
74%
rushed rushed
74%
season season
74%
shores shores
74%
slight slight
74%
sounds sounds
74%
sphere sphere
74%
stroke stroke
74%
strong strong
74%
strove strove
74%
tongue tongue
74%
upward upward
74%
walked walked
74%
actual actual
73%
ardent ardent
73%
ashore ashore
73%
assume assume
73%
better better
73%
bought bought
73%
bullet bullet
73%
chorus chorus
73%
closer closer
73%
cousin cousin
73%
daniel daniel
73%
defeat defeat
73%
domain domain
73%
during during
73%
earned earned
73%
engine engine
73%
facing facing
73%
father father
73%
finish finish
73%
flower flower
73%
gossip gossip
73%
hidden hidden
73%
hunger hunger
73%
likely likely
73%
london london
73%
lowest lowest
73%
market market
73%
morrow morrow
73%
murmur murmur
73%
priest priest
73%
punish punish
73%
quaint quaint
73%
region region
73%
remedy remedy
73%
rubbed rubbed
73%
shaken shaken
73%
stages stages
73%
states states
73%
statue statue
73%
strain strain
73%
surely surely
73%
taught taught
73%
temple temple
73%
afford afford
72%
assure assure
72%
attain attain
72%
august august
72%
became became
72%
behalf behalf
72%
broken broken
72%
cannon cannon
72%
choice choice
72%
cities cities
72%
clouds clouds
72%
convey convey
72%
couple couple
72%
design design
72%
devils devils
72%
events events
72%
fruits fruits
72%
glance glance
72%
ground ground
72%
happen happen
72%
hollow hollow
72%
infant infant
72%
inward inward
72%
kansas kansas
72%
landed landed
72%
lawyer lawyer
72%
lifted lifted
72%
loudly loudly
72%
modest modest
72%
motion motion
72%
native native
72%
nodded nodded
72%
poison poison
72%
prefer prefer
72%
remain remain
72%
remote remote
72%
roared roared
72%
salary salary
72%
saying saying
72%
sermon sermon
72%
speech speech
72%
spring spring
72%
stones stones
72%
tables tables
72%
talked talked
72%
theirs theirs
72%
treaty treaty
72%
venice venice
72%
victor victor
72%
viewed viewed
72%
wholly wholly
72%
afraid afraid
71%
animal animal
71%
appeal appeal
71%
arrive arrive
71%
barren barren
71%
beside beside
71%
breast breast
71%
bundle bundle
71%
canada canada
71%
charms charms
71%
choose choose
71%
clergy clergy
71%
closed closed
71%
coldly coldly
71%
common common
71%
cooked cooked
71%
detail detail
71%
employ employ
71%
exempt exempt
71%
filled filled
71%
firing firing
71%
firmly firmly
71%
forest forest
71%
formed formed
71%
gazing gazing
71%
indeed indeed
71%
insist insist
71%
intent intent
71%
jersey jersey
71%
jewish jewish
71%
kindly kindly
71%
mainly mainly
71%
malice malice
71%
manner manner
71%
merits merits
71%
mirror mirror
71%
mortal mortal
71%
moving moving
71%
murder murder
71%
owners owners
71%
passed passed
71%
pencil pencil
71%
people people
71%
pillow pillow
71%
powers powers
71%
pushed pushed
71%
recall recall
71%
retain retain
71%
robbed robbed
71%
school school
71%
seated seated
71%
silver silver
71%
sooner sooner
71%
stores stores
71%
summit summit
71%
system system
71%
toward toward
71%
tricks tricks
71%
vienna vienna
71%
whilst whilst
71%
winter winter
71%
worked worked
71%
amidst amidst
70%
breath breath
70%
called called
70%
career career
70%
copied copied
70%
corpse corpse
70%
custom custom
70%
deadly deadly
70%
depart depart
70%
desire desire
70%
direct direct
70%
easily easily
70%
empire empire
70%
engage engage
70%
excess excess
70%
faster faster
70%
feeble feeble
70%
flying flying
70%
gloomy gloomy
70%
gordon gordon
70%
guilty guilty
70%
having having
70%
heroic heroic
70%
higher higher
70%
homage homage
70%
humour humour
70%
indies indies
70%
jewels jewels
70%
latest latest
70%
length length
70%
linked linked
70%
liquid liquid
70%
locked locked
70%
longer longer
70%
loving loving
70%
making making
70%
marked marked
70%
mexico mexico
70%
nearer nearer
70%
nobles nobles
70%
notice notice
70%
origin origin
70%
parted parted
70%
public public
70%
purity purity
70%
rarely rarely
70%
rather rather
70%
reform reform
70%
resist resist
70%
sighed sighed
70%
signal signal
70%
symbol symbol
70%
tastes tastes
70%
thirst thirst
70%
though though
70%
throne throne
70%
trying trying
70%
unlike unlike
70%
vessel vessel
70%
warmly warmly
70%
washed washed
70%
wishes wishes
70%
accept accept
69%
action action
69%
affect affect
69%
basket basket
69%
beaten beaten
69%
become become
69%
branch branch
69%
bridge bridge
69%
castle castle
69%
change change
69%
church church
69%
clever clever
69%
cotton cotton
69%
damned damned
69%
deeper deeper
69%
editor editor
69%
estate estate
69%
extend extend
69%
fitted fitted
69%
gained gained
69%
growth growth
69%
habits habits
69%
handed handed
69%
harbor harbor
69%
humble humble
69%
hungry hungry
69%
hunter hunter
69%
invite invite
69%
kissed kissed
69%
lately lately
69%
laying laying
69%
loaded loaded
69%
looked looked
69%
maiden maiden
69%
martin martin
69%
melted melted
69%
mental mental
69%
missed missed
69%
mutual mutual
69%
naught naught
69%
needed needed
69%
online online
69%
others others
69%
paused paused
69%
points points
69%
regard regard
69%
scenes scenes
69%
scheme scheme
69%
screen screen
69%
served served
69%
severe severe
69%
shower shower
69%
signed signed
69%
silent silent
69%
simple simple
69%
smiles smiles
69%
softly softly
69%
solely solely
69%
spirit spirit
69%
spoken spoken
69%
stared stared
69%
summer summer
69%
supper supper
69%
tender tender
69%
throng throng
69%
timber timber
69%
travel travel
69%
troops troops
69%
truths truths
69%
turkey turkey
69%
vanity vanity
69%
victim victim
69%
wanted wanted
69%
wished wished
69%
worthy worthy
69%
writer writer
69%
writes writes
69%
abroad abroad
68%
accent accent
68%
anyhow anyhow
68%
around around
68%
arrows arrows
68%
artist artist
68%
asleep asleep
68%
behind behind
68%
carved carved
68%
comedy comedy
68%
course course
68%
crimes crimes
68%
daring daring
68%
dashed dashed
68%
debate debate
68%
either either
68%
ending ending
68%
entire entire
68%
flames flames
68%
folded folded
68%
gently gently
68%
german german
68%
gladly gladly
68%
gospel gospel
68%
graham graham
68%
greece greece
68%
handle handle
68%
hatred hatred
68%
helped helped
68%
horace horace
68%
hunted hunted
68%
issued issued
68%
little little
68%
living living
68%
minute minute
68%
mostly mostly
68%
myself myself
68%
notion notion
68%
occurs occurs
68%
parent parent
68%
passes passes
68%
permit permit
68%
picked picked
68%
pledge pledge
68%
plenty plenty
68%
poetry poetry
68%
posted posted
68%
powder powder
68%
praise praise
68%
profit profit
68%
pursue pursue
68%
refuse refuse
68%
relate relate
68%
review review
68%
revolt revolt
68%
sealed sealed
68%
settle settle
68%
social social
68%
sought sought
68%
speaks speaks
68%
squire squire
68%
stolen stolen
68%
subtle subtle
68%
sunday sunday
68%
theory theory
68%
tossed tossed
68%
verses verses
68%
wisdom wisdom
68%
within within
68%
wooden wooden
68%
accord accord
67%
active active
67%
adding adding
67%
advise advise
67%
agents agents
67%
always always
67%
amount amount
67%
angels angels
67%
armies armies
67%
arnold arnold
67%
asking asking
67%
autumn autumn
67%
berlin berlin
67%
bestow bestow
67%
breach breach
67%
breeze breeze
67%
cheese cheese
67%
cliffs cliffs
67%
colour colour
67%
comply comply
67%
damage damage
67%
deeply deeply
67%
dryden dryden
67%
eleven eleven
67%
endure endure
67%
escape escape
67%
esteem esteem
67%
forgot forgot
67%
fought fought
67%
frozen frozen
67%
future future
67%
gasped gasped
67%
george george
67%
hanged hanged
67%
hardly hardly
67%
header header
67%
isabel isabel
67%
knight knight
67%
labour labour
67%
larger larger
67%
latter latter
67%
leaned leaned
67%
lesson lesson
67%
matter matter
67%
mighty mighty
67%
monday monday
67%
months months
67%
morals morals
67%
mother mother
67%
nearly nearly
67%
oxford oxford
67%
phrase phrase
67%
pieces pieces
67%
pounds pounds
67%
prayer prayer
67%
purple purple
67%
repose repose
67%
riding riding
67%
rivers rivers
67%
seldom seldom
67%
shadow shadow
67%
shells shells
67%
should should
67%
sister sister
67%
spared spared
67%
submit submit
67%
survey survey
67%
taking taking
67%
traced traced
67%
traces traces
67%
utmost utmost
67%
valley valley
67%
virtue virtue
67%
wander wander
67%
wasted wasted
67%
weight weight
67%
widest widest
67%
admire admire
66%
almost almost
66%
anchor anchor
66%
assist assist
66%
beings beings
66%
beyond beyond
66%
boards boards
66%
bottle bottle
66%
burden burden
66%
buried buried
66%
caesar caesar
66%
cattle cattle
66%
coffee coffee
66%
collar collar
66%
corner corner
66%
degree degree
66%
double double
66%
dreams dreams
66%
enough enough
66%
enters enters
66%
errand errand
66%
extent extent
66%
farmer farmer
66%
figure figure
66%
forget forget
66%
fourth fourth
66%
france france
66%
freely freely
66%
friend friend
66%
greeks greeks
66%
guided guided
66%
headed headed
66%
honest honest
66%
jumped jumped
66%
ladies ladies
66%
liable liable
66%
liking liking
66%
limits limits
66%
masses masses
66%
merely merely
66%
miller miller
66%
oldest oldest
66%
opened opened
66%
period period
66%
perish perish
66%
plants plants
66%
please please
66%
prompt prompt
66%
proved proved
66%
raised raised
66%
resort resort
66%
retire retire
66%
riches riches
66%
safety safety
66%
senses senses
66%
shrill shrill
66%
stairs stairs
66%
strict strict
66%
thinks thinks
66%
thomas thomas
66%
thrown thrown
66%
unable unable
66%
united united
66%
unless unless
66%
waking waking
66%
wealth wealth
66%
wilson wilson
66%
access access
65%
acting acting
65%
agreed agreed
65%
answer answer
65%
athens athens
65%
attend attend
65%
author author
65%
beheld beheld
65%
belong belong
65%
bodily bodily
65%
border border
65%
brandy brandy
65%
causes causes
65%
combat combat
65%
courts courts
65%
crying crying
65%
decree decree
65%
denied denied
65%
doctor doctor
65%
edited edited
65%
edward edward
65%
effect effect
65%
enable enable
65%
errors errors
65%
europe europe
65%
excite excite
65%
excuse excuse
65%
expect expect
65%
fairly fairly
65%
fields fields
65%
fierce fierce
65%
follow follow
65%
forces forces
65%
former former
65%
garden garden
65%
groups groups
65%
hearty hearty
65%
heaven heaven
65%
hebrew hebrew
65%
heroes heroes
65%
hither hither
65%
honour honour
65%
horrid horrid
65%
horror horror
65%
income income
65%
itself itself
65%
joseph joseph
65%
master master
65%
method method
65%
milton milton
65%
naples naples
65%
object object
65%
parlor parlor
65%
partly partly
65%
paying paying
65%
person person
65%
plague plague
65%
pocket pocket
65%
prison prison
65%
proves proves
65%
reason reason
65%
remark remark
65%
robert robert
65%
savage savage
65%
slowly slowly
65%
stable stable
65%
stands stands
65%
stated stated
65%
strife strife
65%
struck struck
65%
terror terror
65%
trials trials
65%
turned turned
65%
varied varied
65%
voyage voyage
65%
waited waited
65%
whence whence
65%
aboard aboard
64%
betray betray
64%
bloody bloody
64%
bottom bottom
64%
brutal brutal
64%
chance chance
64%
charge charge
64%
christ christ
64%
circle circle
64%
coarse coarse
64%
colony colony
64%
credit credit
64%
danced danced
64%
decide decide
64%
depend depend
64%
depths depths
64%
dismal dismal
64%
donors donors
64%
escort escort
64%
except except
64%
favour favour
64%
female female
64%
flight flight
64%
flowed flowed
64%
formal formal
64%
gather gather
64%
giving giving
64%
guests guests
64%
height height
64%
highly highly
64%
holmes holmes
64%
hoping hoping
64%
inform inform
64%
injury injury
64%
justly justly
64%
ladder ladder
64%
letter letter
64%
motive motive
64%
namely namely
64%
nobody nobody
64%
number number
64%
papers papers
64%
polite polite
64%
porter porter
64%
prayed prayed
64%
preach preach
64%
pretty pretty
64%
pulled pulled
64%
reader reader
64%
regret regret
64%
remove remove
64%
repair repair
64%
russia russia
64%
sailor sailor
64%
samuel samuel
64%
shades shades
64%
sheets sheets
64%
stayed stayed
64%
stream stream
64%
suited suited
64%
sunset sunset
64%
swords swords
64%
taylor taylor
64%
things things
64%
thread thread
64%
thrust thrust
64%
velvet velvet
64%
wicked wicked
64%
wretch wretch
64%
allied allied
63%
annual annual
63%
anyway anyway
63%
barely barely
63%
beasts beasts
63%
behold behold
63%
boldly boldly
63%
brains brains
63%
burned burned
63%
chains chains
63%
crowds crowds
63%
demand demand
63%
dinner dinner
63%
divine divine
63%
dollar dollar
63%
eldest eldest
63%
famous famous
63%
feared feared
63%
induce induce
63%
israel israel
63%
league league
63%
learnt learnt
63%
luxury luxury
63%
memory memory
63%
murray murray
63%
narrow narrow
63%
novels novels
63%
office office
63%
parish parish
63%
philip philip
63%
plains plains
63%
police police
63%
proper proper
63%
reckon reckon
63%
reduce reduce
63%
render render
63%
report report
63%
reveal reveal
63%
romans romans
63%
roused roused
63%
saving saving
63%
scarce scarce
63%
seized seized
63%
shouts shouts
63%
solemn solemn
63%
source source
63%
stupid stupid
63%
talent talent
63%
temper temper
63%
thanks thanks
63%
tragic tragic
63%
twelve twelve
63%
twenty twenty
63%
useful useful
63%
virgin virgin
63%
walter walter
63%
waters waters
63%
wounds wounds
63%
absurd absurd
62%
africa africa
62%
alfred alfred
62%
andrew andrew
62%
begins begins
62%
bronze bronze
62%
caught caught
62%
defect defect
62%
echoed echoed
62%
exists exists
62%
faults faults
62%
gentle gentle
62%
golden golden
62%
houses houses
62%
howard howard
62%
misery misery
62%
morris morris
62%
norman norman
62%
onward onward
62%
places places
62%
played played
62%
scotch scotch
62%
search search
62%
sorrow sorrow
62%
spread spread
62%
status status
62%
tumult tumult
62%
uneasy uneasy
62%
vacant vacant
62%
vision vision
62%
wheels wheels
62%
advice advice
61%
awhile awhile
61%
bishop bishop
61%
ceased ceased
61%
claims claims
61%
coming coming
61%
commit commit
61%
easier easier
61%
effort effort
61%
energy energy
61%
failed failed
61%
forbid forbid
61%
fright fright
61%
harder harder
61%
hearts hearts
61%
images images
61%
longed longed
61%
poetic poetic
61%
prices prices
61%
proofs proofs
61%
repeat repeat
61%
saints saints
61%
series series
61%
sprung sprung
61%
steady steady
61%
supply supply
61%
thence thence
61%
thirty thirty
61%
tracks tracks
61%
tyrant tyrant
61%
unseen unseen
61%
voices voices
61%
weapon weapon
61%
affair affair
60%
beauty beauty
60%
binary binary
60%
breaks breaks
60%
calmly calmly
60%
duties duties
60%
family family
60%
genius genius
60%
leader leader
60%
lonely lonely
60%
lovely lovely
60%
lovers lovers
60%
madame madame
60%
maggie maggie
60%
marble marble
60%
modern modern
60%
nerves nerves
60%
obeyed obeyed
60%
pardon pardon
60%
rachel rachel
60%
ragged ragged
60%
really really
60%
relief relief
60%
remind remind
60%
rescue rescue
60%
shapes shapes
60%
single single
60%
smiled smiled
60%
sudden sudden
60%
thrill thrill
60%
throat throat
60%
towers towers
60%
warmth warmth
60%
arthur arthur
59%
before before
59%
candle candle
59%
column column
59%
county county
59%
entity entity
59%
guards guards
59%
halted halted
59%
inches inches
59%
inside inside
59%
judged judged
59%
manage manage
59%
mouths mouths
59%
obtain obtain
59%
pistol pistol
59%
policy policy
59%
poured poured
59%
purely purely
59%
refund refund
59%
saddle saddle
59%
slaves slaves
59%
sullen sullen
59%
trifle trifle
59%
widely widely
59%
yonder yonder
59%
across across
58%
aspect aspect
58%
doubts doubts
58%
driven driven
58%
eating eating
58%
fellow fellow
58%
horses horses
58%
nephew nephew
58%
orange orange
58%
sailed sailed
58%
simply simply
58%
warned warned
58%
yellow yellow
58%
assert assert
57%
carpet carpet
57%
dishes dishes
57%
health health
57%
liquor liquor
57%
return return
57%
shrewd shrewd
57%
sketch sketch
57%
govern govern
56%
louise louise
56%
oppose oppose
56%
palace palace
56%
quoted quoted
56%
safely safely
56%
second second
56%
wildly wildly
56%
colors colors
55%
dreary dreary
55%
holder holder
55%
recent recent
55%
unjust unjust
55%
window window
55%
belief belief
54%
leaped leaped
54%
refuge refuge
54%
center center
53%
forced forced
51%
lawful lawful
51%
No matching quizzes found
Score Distribution
Percent of People with Each Score
Percentile by Number Answered
Your Score History
You have not taken this quiz